000 01084nam a2200277Ia 4500
003 OSt
005 20221005110344.0
006 a|||||r|||| 00| 0
007 ta
008 221004b |||||||| |||| 00| 0 hin d
020 _a9789383233946 (hbk)
_cINR 390.00
024 _a42456
037 _bIN-2302, 14/03/2019, Kitab Ghar Prakashan
_cTextual
040 _aCRL
_cCRL
_bhin
041 _2hin
_ahin
082 _aNW44wN33, 152Q5
100 _aकिणीकर, शशिकान्त, ले.
245 0 _aअदाकारा मधुबाला
_b दर्दभरी जीवन कथा
246 _aAdākārā madhubālā: dardabharī jīvan kathā
260 _aनई दिल्ली
_bकिताबघर प्रकाशन भारत
_c2015
300 _a204पृ0
_ccm.
650 _a टेलीविज़न
650 _aसिनेमा
942 _hNW44wN33, 152Q5
_cTEXL
_2cc
999 _c1018565
_d1018565